000 00383nam a22001577a 4500
999 _c8009
_d8009
003 OSt
005 20190325154653.0
008 190325b ||||| |||| 00| 0 eng d
040 _cDLC
082 _a494
_bM872C
100 _aMorrais Marlin
245 _aconseling Anudina Jewithathil
260 _aindia:
_bDivine Publication:
_cc. 1998
300 _a201 p.;
_c20 cm
942 _2ddc
_cBK